00744nam a2200169Ia 4500008004100000020001800041082002000059100001700079245011800096260008000214300001100294440001500305500002700320650011600347952009400463999001700557120622s9999 xx 000 0 und d a968-427-185-9 a338.47677 P853p aPortos, Irma aPasado y presente de la industria textil en México : prolegómenos del Tratado de Libre Comercio / Irma Portos aMéxico : UNAM, Instituto de Investigaciones Económicas : Nuestro Tiempo a165 p. aDesarrollo aIncluye bibliografía a1. INDUSTRIA TEXTIL - MEXICO - HISTORIA \ 2. MEXICO - COMERCIO EXTERIOR \ 3. TRATADO DE LIBRE COMERCIO (TLC)Ì 00104070a01b01d2007-01-25l0o338.47677 P853Pp01 001853r2012-06-24w2012-06-24yLB c59698d59698